=LDR 00000nam 2200000 4500 =001 INLIS000000000022959 =005 20130612121649 =008 ***********************************Ind** =035 ##$$0010-061300000022959 =041 ##$$a Ind =082 ##$$a 615.1 =090 ##$$a 615.1, Ani-p =100 ##$$a Anif, Muh =245 ##$$a Pengolongan obat, Berdasarkan khasiat dan penggunaan, Drs. Moh. Anief, Apt =260 ##$$a 1990 $b Yogyakarta =300 ##$$a 54 hlm., 21 cm =650 ##$$a Obat-obatan-kesehatan =850 ##$$a NBPNMAT